Banda e Zamana / (Record no. 594304)

000 -LEADER
fixed length control field 00374nam a22001457a 4500
003 - CONTROL NUMBER IDENTIFIER
control field NUST
005 - DATE AND TIME OF LATEST TRANSACTION
control field 20230327092255.0
008 - FIXED-LENGTH DATA ELEMENTS--GENERAL INFORMATION
fixed length control field 230327b ||||| |||| 00| 0 eng d
020 ## - INTERNATIONAL STANDARD BOOK NUMBER
International Standard Book Number 9693519663
082 ## - DEWEY DECIMAL CLASSIFICATION NUMBER
Classification number 891.4392,ASH
245 ## - TITLE STATEMENT
Title Banda e Zamana /
Statement of responsibility, etc. Ashfaq Ahmad
260 ## - PUBLICATION, DISTRIBUTION, ETC.
Place of publication, distribution, etc. Lahore
Name of publisher, distributor, etc. Sang e meel Publication
Date of publication, distribution, etc. 2007
300 ## - PHYSICAL DESCRIPTION
Extent 360p.
942 ## - ADDED ENTRY ELEMENTS (KOHA)
Source of classification or shelving scheme
Koha item type Book
Call number prefix 891.4392,ASH
Holdings
Withdrawn status Lost status Source of classification or shelving scheme Damaged status Not for loan Permanent Location Current Location Shelving location Date acquired Total Checkouts Full call number Barcode Date last seen Date last checked out Price effective from Koha item type Public note
          Military College of Signals (MCS) Military College of Signals (MCS) General Stacks 03/27/2023 1 891.4392,ASH MCS37829 07/03/2023 06/19/2023 03/27/2023 Book Almirh No 66, Shelf No 1
© 2023 Central Library, National University of Sciences and Technology. All Rights Reserved.